000 00372nam a2200133Ia 4500
008 220204s9999 xx 000 0 und d
082 _a519.2(083)
_bODE
245 0 _aPocket book of statistical tables
260 _aNew York
_bMarcel
_c1977
490 _aStatistics: Textbooks and monographs V 22
650 _aStatistical tables
700 _aOdeh, Robert E
942 _cBK
999 _c26561
_d26561